MARC details
| 000 -CABECERA |
| campo de control de longitud fija |
01625nam a2200241 a 4500 |
| 005 - FECHA Y HORA DE LA ÚLTIMA TRANSACCIÓN |
| campo de control |
20240920064536.0 |
| 008 - ELEMENTOS DE LONGITUD FIJA--INFORMACIÓN GENERAL |
| campo de control de longitud fija |
021004s1927 fr r 000 0 fre d |
| 035 ## - NÚMERO DE CONTROL DEL SISTEMA |
| Número de control de sistema |
UPN01000119891 |
| 049 ## - COLECCIÓN |
| Colección |
LT |
| 050 #4 - SIGNATURA TOPOGRÁFICA DE LA BIBLIOTECA DEL CONGRESO |
| Número de clasificación |
LB1573 F8 |
| Número de documento/Ítem |
H4.3 |
| 100 1# - ASIENTO PRINCIPAL--NOMBRE PERSONAL |
| Nombre de persona |
Herbiniére-Lebert, S. |
| 245 10 - MENCIÓN DE TÍTULO |
| Título |
Exercices graphiques d'attention : |
| Resto del título |
appliqués aux exercices de crayonnage préparatoires a l'écriture = Graphische übungen zur förderung der aufmerksamkeit : gale vorúbung zum scheiben lerner _ Graphic excercises to develop attention a good way to learn writing / |
| Mención de responsabilidad, etc. |
S. Herbiniére-Lebert. |
| 260 ## - PUBLICACIÓN, DISTRIBUCIÓN, ETC. |
| Lugar de publicación, distribución, etc. |
París : |
| Nombre del editor, distribuidor, etc. |
F. Nathan, |
| Fecha de publicación, distribución, etc. |
1927. |
| 300 ## - DESCRIPCIÓN FÍSICA |
| Extensión |
33 p. : |
| Otras características físicas |
il. |
| 440 #0 - MENCIÓN DE SERIE/ASIENTO SECUNDARIO--TÍTULO |
| Título |
Cahier, heft, copy book ; |
| Designación de volumen o secuencia |
1 |
| 501 ## - NOTA DE "CON" |
| Nota de “Con” |
Encuadernado con: Exercices graphiques d'attention : appliquês aux exercices de crayonnage preparatoires a l'écriture. no.2. -- Exercices graphiques d'attention, formes, positions, directions. no.3. -- Exercices graphiquês dáttention positions et qualite des choses, no.4. -- Excercices graphiquês d'attention appliqués aux excercices de crayonnage préparatoires au calcul, no.5. -- Exercices grphiqués d'attention : appliqués aux exercices de crayonnage préparatoires á la lecture, no.6. -- Livre du maitre : pour les six cahiers d' d'exercices gráphiques dáttention. |
| 650 #4 - ASIENTO SECUNDARIO DE MATERIA - TERMINO TEMATICO |
| Término de materia o nombre geográfico como elemento de entrada |
Escritura |
| Subdivisión general |
Estudio y enseñanza (Elemental) |
| 9 (RLIN) |
2804 |
| 650 #4 - ASIENTO SECUNDARIO DE MATERIA - TERMINO TEMATICO |
| Término de materia o nombre geográfico como elemento de entrada |
Educación |
| Subdivisión geográfica |
Francia |
| 9 (RLIN) |
11558 |
| 740 0# - ASIENTO SECUNDARIO - TÍTULOS RELACIONADOS /ANALITICOS NO CONTROLADOS |
| Título relacionado o analítico no controlado |
Graphische übungen zur fönderung der aufmerksamkeit : gule vorübung zum scheben lerner |
| 740 0# - ASIENTO SECUNDARIO - TÍTULOS RELACIONADOS /ANALITICOS NO CONTROLADOS |
| Título relacionado o analítico no controlado |
Graphic exercices to develop attention a good to learn writing |
| 905 ## - TIPO DE MATERIAL |
| Tipo de material |
Libro |